LIBRARY & INFORMATION CENTRE, KCAET, TAVANUR

ONLINE PUBLIC ACCESS CATALOGUE (OPAC)

Discovering Geography in Britain / (Record no. 781)

MARC details
000 -LEADER
fixed length control field 00342cam a2200145ua 4500
041 ## - LANGUAGE CODE
Language code of text/sound track or separate title eng
082 ## - DEWEY DECIMAL CLASSIFICATION NUMBER
Classification number 914.1
Item number HER/DI
100 ## - MAIN ENTRY--AUTHOR NAME
Personal name Herdman, T .
245 ## - TITLE STATEMENT
Title Discovering Geography in Britain /
260 ## - PUBLICATION, DISTRIBUTION, ETC. (IMPRINT)
Place of publication :
Name of publisher Longman ,
Year of publication 1961.
300 ## - PHYSICAL DESCRIPTION
Number of Pages 152 ; .
942 ## - ADDED ENTRY ELEMENTS (KOHA)
Koha item type Books
Holdings
Withdrawn status Lost status Damaged status Home library Current library Date acquired Full call number Accession Number Koha item type
Withdrawn     KAUAET Sanskrit University 07/04/2012 914.1 4007 Books
free website counter